000 00614cam a2200193 4500500
005 20260329005940.0
041 _afre
042 _adc
100 1 0 _aLegros, Martin
_eauthor
245 0 0 _aHannah Arendt et le mal impensé
260 _c2018.
500 _a12
690 _aBanalité du mal
690 _aEichmann
690 _aHannah Arendt
690 _aJudaïsme
786 0 _nPhilosophie magazine - Hors séries | Hors-série Pritemps 2018 | HS37 | 2018-04-01 | p. 5-7 | 2104-9246
856 4 1 _uhttps://shs.cairn.info/magazine-philosophie-magazine-2018-hs37-page-5?lang=fr&redirect-ssocas=7080
999 _c1848132
_d1848132